| 000 | 00759nam a2200217Ia 4500 | ||
|---|---|---|---|
| 001 | 10365 | ||
| 003 | GE_BSU | ||
| 008 | 181216s||||||||xx |||||||||||||| ||und|| | ||
| 040 | _cGE_BSU | ||
| 100 | _aუბილავა,ელიზბარ | ||
| 245 | _aმოგესალმებით,ქედებო | ||
| 245 | _bმხატვრული ნარკვევები | ||
| 245 | _cრედ.მ.ქოიავა,მხატვ.თ.მირზაშვილი | ||
| 260 | _aთბილისი | ||
| 260 | _bმერანი | ||
| 260 | _c1969 | ||
| 300 | _a198გვ.20სმ. | ||
| 653 | _aნოველები;მგზავრის წერილები | ||
| 653 | _aყავარჯენი | ||
| 942 | _cBK | ||
| 999 |
_c43630 _d43630 |
||